Internet para gente ocupada: el libro para aprender cuando no hay tiempo que perder
Saved in:
| Hovedforfatter: | |
|---|---|
| Format: | Bog |
| Sprog: | spansk |
| Udgivet: |
Ciudad de México
McGraw Hill
1997
|
| Fag: | |
| Tags: |
Tilføj Tag
Ingen Tags, Vær først til at tagge denne postø!
|
MARC
| LEADER | 00000nam a2200000 a 4500 | ||
|---|---|---|---|
| 001 | UCS8631 | ||
| 003 | CL-VaPUC | ||
| 008 | 971107e19970000MX |||||||||||||||||spa|d | ||
| 082 | 0 | 4 | |a 004.6 |b CRU |2 21 |
| 100 | 0 | |a Crumlish, Christian |e author |9 393412 | |
| 245 | 1 | 0 | |a Internet para gente ocupada: el libro para aprender cuando no hay tiempo que perder |
| 300 | |a 275 p | ||
| 942 | |c BK | ||
| 945 | |d 19971107 00:00:00 |a jquezada | ||
| 260 | |a Ciudad de México |b McGraw Hill |c 1997 | ||
| 650 | 0 | |a Redes de información |9 230208 | |
| 650 | 0 | |a Redes de computadores |9 263293 | |
| 650 | 0 | |a Proceso de datos |9 259776 | |
| 650 | 7 | |a BUSQUEDA EN LINEA |2 CL-VaPUC |9 340459 | |
| 650 | 7 | |a CORREO ELECTRONICO |2 CL-VaPUC |9 340458 | |
| 650 | 0 | |a Internet |9 254823 | |
| 650 | 0 | |a Páginas web |9 386845 | |
| 650 | 7 | |a SERVICIO GOPHER |2 CL-VaPUC |9 387868 | |
| 583 | |a last modification |c 19971107 00:00:00 |k Rodrigo Vera | ||
| 999 | |c 262929 |d 262927 | ||